[Event "Wch U12 Girls"]
[Site "Montesilvano"]
[Date "2024.11.23"]
[Round "8"]
[White "Istratova, Nika"]
[Black "Wang, Tianmu"]
[Result "0-1"]
[WhiteElo "1473"]
[BlackElo "1640"]
[PlyCount "94"]
[EventDate "2024.11.15"]
[EventType "swiss"]
[EventRounds "11"]
[EventCountry "ITA"]
[SourceTitle "CB48_2024"]
[SourceDate "2024.11.28"]
[SourceVersion "1"]
[SourceVersionDate "2024.11.28"]
[SourceQuality "1"]

1. e4 e5 2. Nf3 Nc6 3. Nc3 Nf6 4. Bb5 Nd4 5. Nxd4 exd4 6. e5 dxc3 7. exf6 Qxf6 8. dxc3 c6 9. Bd3 Bc5 10. Qe2+ Be7 11. 0-0 0-0 12. Re1 Re8 13. Qe4 g6 14. Bh6 d5 15. Qd4 Be6 16. Re3 c5 17. Qxf6 Bxf6 18. Bb5 Red8 19. Rf3 Be7 20. Be2 Bd6 21. h3 Re8 22. Bb5 Re7 23. Bg5 Rc7 24. Be2 c4 25. Bf4 Rd7 26. Bxd6 Rxd6 27. Rd1 Rad8 28. Rf4 Bf5 29. Rd2 b5 30. Rfd4 a5 31. b3 R6d7 32. a3 Be6 33. g4 Kf8 34. Kg2 Ke7 35. f4 f5 36. g5 Rc8 37. bxc4 bxc4 38. Rd1 Rb8 39. Ra1 Rb2 40. Rd2 d4 41. cxd4 c3 42. Rdd1 Rxc2 43. Kf3 Bd5+ 44. Ke3 Kd6 45. Rdc1 Re7+ 46. Kd3 Rcxe2 47. Rxc3 R7e3# 0-1